000 01845nam a2200397 c 4500
003 BLK
005 20250304095840.0
008 180413b bul|||||r ||||||| ||bul||
010 _aKNG00018184000
020 _a954-8079-50-Х
_bиздат.: Прозорец
040 _aBLK
041 _aBUL
_cBUL
080 _aМеждународни политически отношения. Световна политика. Международна политика. Дипломация
_b327
_x(47+57)
_z327(47+57)
080 _aИстория на Втората световна война (1939-1945)
_b940.53
_x
_z940.53
080 _aИстория на Русия и СССР. Вж и 936 ; 957
_b94(470)
_x
_z94(470)
100 1 _aБунич, Игор Лвович
_eпърви автор
_943920
700 1 _aТроански, Христо Иванов
_eпрев. от рус.
_9365031
139 _aБунич, Игор Лвович
_bБ 86
245 1 0 _aПирът на хищниците
_cИгор Лвович Бунич; прев. от рус. Христо Иванов Троански.
257 _aSUN
260 София
_bПрозорец
_c1996
300 _a352 с.
_c20 см
380 _a3
500 _aОриг. загл. Операция гроза / Игор Бунич. - Изд. е кн. 1 от трилогията Операция Буря.
650 4 _aВтора световна война - участие на СССР
_9256326
650 4 _aСССР - история
_9246855
651 4 _aСССР
_9179592
653 _aВтора световна война
653 _aСССР
852 _aЦб 190588
856 4 _qpdf
_u
856 4 _qpdf
_u
942 _cKNG
_n0
_08
944 _aCR
_c15.01.2003
_k30576
_lЦветомила Тодорова
944 _aED
_c10.05.2014
_k
999 _c16321
_d16321